| 000 | 00320nam a2200121Ia 4500 | ||
|---|---|---|---|
| 008 | 230907s9999||||xx |||||||||||||| ||und|| | ||
| 082 | _a620.103,LIT | ||
| 100 |
_aLittle, Robert W. Soutas. _9115246 |
||
| 245 | 0 | _aEngineering mechanics statics: | |
| 260 |
_aThomson _bAustralia _c2008 |
||
| 300 | _ax,473p.: | ||
| 942 | _cBK | ||
| 999 |
_c597933 _d597933 |
||